Norway Anthem Lyrics - Statistics

General Stats
  • This quiz has been taken 34 times
  • The average score is 6 of 8
Answer Stats
Tekst % Correct
Ja, vi elsker dette landet,
100%
som det stiger frem,
90%
med de tusen hjem, —
77%
furet, værbitt over vannet,
63%
drømmer på vår jord.
60%
og den saganatt som senker
60%
på vår far og mor
57%
elsker, elsker det og tenker
43%
No matching quizzes found
Score Distribution
Percent of People with Each Score
Percentile by Number Answered
Your Score History
You have not taken this quiz